Score 0/18 Timer 04:00
1 Play Today
% Correct
Collection Basket
91.4%
Altar Bells
90.2%
Paschal Candle
84.4%
Chalice
80.4%
Lectionary
79.2%
Cruets
73.9%
Chalice Veil
65.8%
Chrism vessels
62.3%
Sanctuary Lamp
55.4%
% Correct
Monstrance
55.1%
Paten
47.9%
Ciborium
46%
Lavabo
45.9%
Thurible
45.5%
Pyx
42.8%
Aspergillum and Aspersorium
39.7%
Manuterges
39.4%
Navette
37.9%
Remove Ads.
Support Sporcle.
Get the best of Sporcle when you Go Orange. This ad-free experience offers more features, more stats, and more fun while also helping to support Sporcle. Thank you for becoming a member.

You're not logged in!

Compare scores with friends on all Sporcle quizzes.
OR
Log In

Sporcle TV

Today on Sporcle TV


Watch our educational content, quiz creation guides, and fun videos on Sporcle TV.

Show Comments

Extras

Top Quizzes Today


Score Distribution

Paid Content

Your Account Isn't Verified!

In order to create a playlist on Sporcle, you need to verify the email address you used during registration. Go to your Sporcle Settings to finish the process.

Report this User

Report this user for behavior that violates our Community Guidelines.

Details: